CAA2014 21st century archaeology : concepts, methods and tools : proceedings of the 42nd Annual Conference on Computer Applications and Quantitative Methods in Archaeology /

This volume brings together a selection of papers proposed for the Proceedings of the 42nd Computer Applications and Quantitative Methods in Archaeology conference (CAA), hosted at Paris 1 Panthǒn-Sorbonne University from 22nd to 25th April 2014. The program was divided into different themes and thi...

وصف كامل

محفوظ في:

مؤلف مشترك: Conference on Computer Applications and Quantitative Methods in Archaeology Pantheon-Sorbonne University)

مؤلفون آخرون: Giligny, François (المحرر), Djindjian, François (المحرر), Costa, L. (المحرر), Moscati, P. (المحرر), Robert, S. (المحرر)

التنسيق: وقائع المؤتمر كتاب الكتروني

اللغة: English

منشور في: Oxford : Archaeopress, [2015]

الموضوعات:

الوصول للمادة أونلاين: Login to view Source

الوسوم: إضافة وسم

لا توجد وسوم, كن أول من يضع وسما على هذه التسجيلة!

رقم الطلب: CC80.4

LEADER 02407nam a2200457 i 4500
001 EDZ0001355594
003 StDuBDS
005 20230412181536.0
006 m|||||o||d||||||||
007 cr |||||||||||
008 160315t20152015enka f 100|0|eng|d
020 |a 9781784911010 (PDF ebook) :  |c No price 
040 |a StDuBDS  |b eng  |c StDuBDS  |e rda  |e pn 
050 4 |a CC80.4 
082 0 4 |a 930.10285  |2 23 
111 2 |a Conference on Computer Applications and Quantitative Methods in Archaeology  |n (42nd :  |d 2014 :  |c Pantheon-Sorbonne University),  |j creator. 
245 1 0 |a CAA2014 21st century archaeology :  |b concepts, methods and tools : proceedings of the 42nd Annual Conference on Computer Applications and Quantitative Methods in Archaeology /  |c edited by F. Giligny, F. Djindjian, L. Costa, P. Moscati and S. Robert. 
264 1 |a Oxford :  |b Archaeopress,  |c [2015] 
264 4 |c ©2015 
300 |a 1 online resource :  |b illustrations (black and white, and colour) 
336 |a text  |2 rdacontent 
336 |a still image  |2 rdacontent 
337 |a computer  |2 rdamedia 
338 |a online resource  |2 rdacarrier 
520 8 |a This volume brings together a selection of papers proposed for the Proceedings of the 42nd Computer Applications and Quantitative Methods in Archaeology conference (CAA), hosted at Paris 1 Panthǒn-Sorbonne University from 22nd to 25th April 2014. The program was divided into different themes and this structure has been maintained in the arrangement of articles in the various chapters of this book. 
521 |a Specialized. 
588 |a Description based on online resource; title from home page (viewed on March 15, 2016). 
650 0 |a Archaeology  |x Data processing  |v Congresses. 
650 0 |a Archaeology  |x Computer simulation  |v Congresses. 
650 0 |a Archaeology  |x Methodology  |v Congresses. 
700 1 |a Giligny, François,  |e editor. 
700 1 |a Djindjian, François,  |e editor. 
700 1 |a Costa, L.,  |e editor. 
700 1 |a Moscati, P.,  |e editor. 
700 1 |a Robert, S.,  |e editor. 
710 2 |a Université de Paris I: Panthéon-Sorbonne,  |e host institution. 
776 0 8 |i Print version :  |z 9781784911003 
856 4 0 |3 Archaeopress  |u http://library.arce.org:8087/Archaeopress/Products/9781784911003 
942 |2 lcc  |c EBOOK 
952 |0 0  |1 0  |4 0  |6 CC00804  |7 1  |9 46050  |a ARCH  |b ARCH  |d 2023-04-12  |l 0  |o CC80.4  |r 2023-04-12 00:00:00  |w 2023-04-12  |y EBOOK 
999 |c 51708  |d 51708